[Event "Olympiad Women-44"]
[Site "Chennai"]
[Date "2022.08.01"]
[Round "4.2"]
[White "Guerrero Rodriguez, Alejandra"]
[Black "Matnadze, Ana"]
[Result "0-1"]
[WhiteElo "2006"]
[BlackElo "2406"]
[PlyCount "120"]
[EventDate "2022.07.29"]
[EventType "team-swiss"]
[EventRounds "11"]
[EventCountry "IND"]
[SourceTitle "CBM 210"]
[Source "ChessBase"]
[SourceDate "2022.10.31"]
[SourceVersion "1"]
[SourceVersionDate "2022.10.31"]
[SourceQuality "1"]
[WhiteTeam "Mexico (W)"]
[BlackTeam "Spain (W)"]
[WhiteTeamCountry "MEX"]
[BlackTeamCountry "ESP"]

1. e4 c6 2. Nf3 d5 3. d3 dxe4 4. dxe4 Qxd1+ 5. Kxd1 g6 6. Bc4 Bg4 7. Be3 Bg7 8. c3 Nf6 9. Nbd2 Nbd7 10. Kc2 Bxf3 11. gxf3 Nh5 12. Rhg1 Be5 13. h3 Bf4 14. a4 Ne5 15. Be2 0-0 16. a5 f5 17. Ra4 Bxe3 18. fxe3 f4 19. Nc4 Nd7 20. Rb4 Nc5 21. Ne5 fxe3 22. Rc4 Nf4 23. Rxc5 Nxe2 24. Re1 Nf4 25. Rxe3 Nxh3 26. a6 bxa6 27. Rxc6 Rf6 28. Rc7 Re6 29. Nd3 g5 30. e5 Nf4 31. Nxf4 gxf4 32. Re2 Rf8 33. Kd3 Rf5 34. Kd4 Kf7 35. Rxa7 h5 36. Ra8 Rg5 37. c4 Rh6 38. Ke4 h4 39. Kxf4 Rg1 40. Rd8 h3 41. Rdd2 Rh4+ 42. Ke3 Rxc4 43. Rh2 Rh4 44. f4 Ke6 45. Rd8 Re1+ 46. Kf2 Re4 47. Kg3 Rexf4 48. Rg8 Kxe5 49. Rxh3 Rxh3+ 50. Kxh3 Ke4 51. Re8 Rf7 52. Kg3 Kd4 53. Rc8 Rf6 54. Rd8+ Ke4 55. Kg4 Rg6+ 56. Kh5 Rb6 57. Rd2 Ke3 58. Rg2 e5 59. Kg5 e4 60. Rc2 Kf3 0-1

[Event "Las Americas op U2400 Hybrid"]
[Site "Internet"]
[Date "2022.06.04"]
[Round "6.8"]
[White "Guerrero Rodriguez, Alejandra"]
[Black "Mora Moron, Jose Ramon"]
[Result "0-1"]
[WhiteElo "2006"]
[BlackElo "2161"]
[PlyCount "54"]
[EventDate "2022.06.04"]
[EventType "swiss"]
[EventRounds "6"]
[EventCountry "VEN"]
[SourceTitle "EXT 2024"]
[Source "ChessBase"]
[SourceDate "2023.10.10"]
[SourceVersion "1"]
[SourceVersionDate "2023.10.10"]
[SourceQuality "1"]

1. e4 c5 2. c3 Nf6 3. e5 Nd5 4. d4 cxd4 5. Nf3 e6 6. cxd4 d6 7. Nc3 Nxc3 8. bxc3 Qc7 9. Bd2 Nd7 10. exd6 Bxd6 11. Bd3 0-0 12. 0-0 b6 13. c4 Bb7 14. h3 e5 15. d5 f5 16. Ng5 Nc5 17. Bb4 Bc8 18. Bc2 Qe7 19. Nf3 Bd7 20. Re1 e4 21. Bc3 Rae8 22. a4 Bc7 23. Qd4 Rf7 24. a5 Qd6 25. Nd2 Qh2+ 26. Kf1 Be5 27. Qe3 f4 0-1

[Event "Las Americas op U2400 Hybrid"]
[Site "Internet"]
[Date "2022.06.04"]
[Round "5.12"]
[White "Penafiel Mendoza, Josselyne Stefania"]
[Black "Guerrero Rodriguez, Alejandra"]
[Result "0-1"]
[WhiteElo "1804"]
[BlackElo "2006"]
[PlyCount "52"]
[EventDate "2022.06.04"]
[EventType "swiss"]
[EventRounds "6"]
[EventCountry "VEN"]
[SourceTitle "EXT 2024"]
[Source "ChessBase"]
[SourceDate "2023.10.10"]
[SourceVersion "1"]
[SourceVersionDate "2023.10.10"]
[SourceQuality "1"]

1. d4 c5 2. d5 d6 3. e4 Nf6 4. Nc3 g6 5. h3 Bg7 6. g3 0-0 7. Bg2 Na6 8. a4 e6 9. Nf3 exd5 10. exd5 Re8+ 11. Kf1 Nb4 12. Bg5 Bf5 13. Rc1 h6 14. Be3 Ne4 15. Nxe4 Bxe4 16. Ne1 Nxd5 17. Bxe4 Nxe3+ 18. fxe3 Rxe4 19. Qf3 Qe7 20. Kf2 Rxe3 21. Qg4 Re8 22. Nd3 Rxd3 23. cxd3 Qe3+ 24. Kg2 Qd2+ 25. Kf3 Re3+ 26. Kf4 Be5# 0-1

[Event "Guillermo Garcia Memorial-C"]
[Site "Santa Clara"]
[Date "2022.05.09"]
[Round "9"]
[White "Argote Heredia, Valentina"]
[Black "Guerrero Rodriguez, Alejandra"]
[Result "0-1"]
[WhiteElo "2240"]
[BlackElo "2023"]
[PlyCount "88"]
[EventDate "2022.04.30"]
[EventType "tourn"]
[EventRounds "9"]
[EventCountry "CUB"]
[SourceTitle "CBM 208 Extra"]
[Source "ChessBase"]
[SourceDate "2022.07.31"]
[SourceVersion "1"]
[SourceVersionDate "2022.07.31"]
[SourceQuality "1"]

1. e4 c5 2. Nf3 g6 3. d4 cxd4 4. Qxd4 Nf6 5. Nc3 Nc6 6. Qa4 Ng4 7. h3 Nge5 8. Nxe5 Nxe5 9. Nd5 e6 10. Nc3 Bc5 11. Be2 0-0 12. 0-0 Qh4 13. Qb3 d6 14. Bd2 Bd7 15. Be1 a5 16. a4 Ra6 17. Kh1 Rb6 18. f4 Qe7 19. Nb5 Nc6 20. Qd3 f5 21. exf5 Rxf5 22. Bc3 Nb4 23. Qd1 Nd5 24. Bg4 Ne3 25. Qe2 Bc6 26. Bf3 Nxf1 27. Rxf1 Rxf4 28. Bxa5 Ra6 29. b4 Bxb4 30. Bxb4 Rxb4 31. Bg4 Re4 32. Qd3 Raxa4 33. Bf3 Rf4 34. Nc3 Rad4 35. Qe3 Bxf3 36. gxf3 Rh4 37. f4 e5 38. Ne2 Qd7 39. Rf3 Rd1+ 40. Kh2 Qf5 41. Qb3+ Qf7 42. Qb6 Rd2 43. Qe3 Rxf4 44. Rg3 Rxe2+ 0-1

[Event "Guillermo Garcia Memorial-C"]
[Site "Santa Clara"]
[Date "2022.04.30"]
[Round "1"]
[White "Guerrero Rodriguez, Alejandra"]
[Black "Hernandez Machado, Patricia M"]
[Result "0-1"]
[WhiteElo "2023"]
[BlackElo "2204"]
[PlyCount "114"]
[EventDate "2022.04.30"]
[EventType "tourn"]
[EventRounds "9"]
[EventCountry "CUB"]
[SourceTitle "CBM 208 Extra"]
[Source "ChessBase"]
[SourceDate "2022.07.31"]
[SourceVersion "1"]
[SourceVersionDate "2022.07.31"]
[SourceQuality "1"]

1. e4 c5 2. c3 Nf6 3. e5 Nd5 4. d4 cxd4 5. Nf3 Nc6 6. cxd4 d6 7. a3 Bg4 8. Bc4 e6 9. Nbd2 dxe5 10. dxe5 Nb6 11. Be2 Qd5 12. 0-0 Rd8 13. Re1 Be7 14. h3 Bf5 15. Nf1 Qc5 16. Qb3 Bc2 17. Qb5 Rd5 18. Qxc5 Bxc5 19. Ne3 Bxe3 20. Bxe3 0-0 21. Rac1 Bg6 22. Bc5 Rfd8 23. Bd6 Bd3 24. Bd1 Nc4 25. Bb3 b5 26. Bxc4 bxc4 27. Nd2 Nd4 28. Kh2 Rc8 29. Nf1 Rb5 30. b4 Nb3 31. Rc3 Bxf1 32. Rxf1 Rd5 33. Rb1 Nd2 34. Rbc1 h5 35. Bc5 Rd3 36. Bxa7 Rxc3 37. Rxc3 Nb1 38. Rc1 Nxa3 39. Bc5 Kh7 40. Rc3 Ra8 41. Bb6 Ra4 42. Ba5 Kg6 43. g4 Kg5 44. Kg3 h4+ 45. Kf3 Nb1 46. Rc1 Ra3+ 47. Kg2 Nc3 48. Bb6 Nd5 49. Bd8+ f6 50. exf6 Nf4+ 51. Kf1 gxf6 52. Bc7 e5 53. b5 Rxh3 54. Kg1 Rb3 55. Rxc4 Kxg4 56. b6 Kh3 57. f3 Kg3 0-1

[Event "Iberoamerican-ch 8th"]
[Site "Mexico City"]
[Date "2022.02.14"]
[Round "4"]
[White "Guerrero Rodriguez, Alejandra"]
[Black "Miranda Llanes, Yerisbel"]
[Result "1-0"]
[WhiteElo "2019"]
[BlackElo "2261"]
[PlyCount "61"]
[EventDate "2022.02.12"]
[EventType "swiss"]
[EventRounds "9"]
[EventCountry "MEX"]
[SourceTitle "CBM 206 Extra"]
[Source "ChessBase"]
[SourceDate "2022.03.31"]
[SourceVersion "1"]
[SourceVersionDate "2022.03.31"]
[SourceQuality "1"]

1. e4 e5 2. Nf3 Nc6 3. Bb5 a6 4. Ba4 Nf6 5. 0-0 b5 6. Bb3 Bc5 7. a4 Rb8 8. Nxe5 Nxe5 9. d4 Bxd4 10. Qxd4 d6 11. f4 Nc6 12. Qc3 Ne7 13. axb5 axb5 14. e5 Ne4 15. Qf3 Nc5 16. Ba2 0-0 17. Nc3 Bb7 18. Qh3 b4 19. Ne2 Be4 20. e6 f5 21. Nd4 d5 22. Bd2 Rf6 23. Rae1 Nxe6 24. Rxe4 fxe4 25. Nxe6 Qd7 26. f5 c6 27. Qg3 Qa7+ 28. Be3 Nxf5 29. Rxf5 Qxe3+ 30. Qxe3 Rxf5 31. Qa7 1-0

[Event "Online Olym Div2 D"]
[Site "Chess.com INT"]
[Date "2021.09.02"]
[Round "1.5"]
[White "Fernandez, Maria Florencia"]
[Black "Guerrero Rodriguez, Alejandra"]
[Result "0-1"]
[WhiteElo "2229"]
[BlackElo "2019"]
[PlyCount "70"]
[EventDate "2021.09.02"]
[EventType "team (rapid)"]
[EventRounds "9"]
[EventCountry "USA"]
[SourceTitle "CBM 204 Extra"]
[Source "ChessBase"]
[SourceDate "2021.11.30"]
[SourceVersion "1"]
[SourceVersionDate "2021.11.30"]
[SourceQuality "1"]
[WhiteTeam "Argentina"]
[BlackTeam "Mexico"]
[WhiteTeamCountry "ARG"]
[BlackTeamCountry "MEX"]

1. d4 c5 2. d5 d6 3. c4 g6 4. Nc3 Bg7 5. e4 Nf6 6. Be2 0-0 7. Nf3 e6 8. 0-0 Re8 9. Nd2 Na6 10. f4 exd5 11. cxd5 Nc7 12. a4 a6 13. Bf3 Rb8 14. a5 b5 15. axb6 Rxb6 16. e5 dxe5 17. Nc4 Rb4 18. Nxe5 Rd4 19. Qb3 Bd7 20. Be3 Rb4 21. Qa2 Qb8 22. Rab1 Bf5 23. Bxc5 Bxb1 24. Rxb1 Rxf4 25. Nc6 Qa8 26. Bd6 Rxf3 27. gxf3 Ncxd5 28. Nxd5 Qxc6 29. Ne7+ Rxe7 30. Bxe7 Qxf3 31. Qa3 Qe4 32. Rf1 Nd5 33. Bh4 Bd4+ 34. Bf2 Nf4 35. Qg3 Ne2# 0-1

[Event "Villahermosa Mexican op (Women)"]
[Site "Villahermosa"]
[Date "2021.08.07"]
[Round "6"]
[White "Guerrero Rodriguez, Alejandra"]
[Black "Corrales Jimenez, Zenia"]
[Result "1/2-1/2"]
[WhiteElo "2018"]
[BlackElo "2191"]
[PlyCount "55"]
[EventDate "2021.08.05"]
[EventType "swiss"]
[EventRounds "9"]
[EventCountry "MEX"]
[SourceTitle "EXT 2022"]
[Source "ChessBase"]
[SourceDate "2021.10.06"]
[SourceVersion "1"]
[SourceVersionDate "2021.10.06"]
[SourceQuality "1"]

1. e4 c5 2. c3 d5 3. exd5 Qxd5 4. d4 Nf6 5. Nf3 e6 6. Be2 Be7 7. 0-0 0-0 8. Be3 cxd4 9. cxd4 Nc6 10. Nc3 Qd6 11. a3 b6 12. Qb3 Bb7 13. Rfd1 Rfd8 14. Rac1 Rac8 15. Qb5 Nd5 16. Ne4 Qb8 17. Bg5 Bxg5 18. Nexg5 h6 19. Nh3 Nf4 20. Nxf4 Qxf4 21. Rc3 Rd5 22. Qa4 a6 23. Qc2 Rdd8 24. d5 exd5 25. Bxa6 Bxa6 26. Rxc6 Rxc6 27. Qxc6 Be2 28. Qxb6 1/2-1/2

[Event "Villahermosa Mexican op (Women)"]
[Site "Villahermosa"]
[Date "2021.08.05"]
[Round "2"]
[White "Guerrero Rodriguez, Alejandra"]
[Black "Benitez Lozano, Karla"]
[Result "1-0"]
[WhiteElo "2018"]
[BlackElo "1736"]
[PlyCount "63"]
[EventDate "2021.08.05"]
[EventType "swiss"]
[EventRounds "9"]
[EventCountry "MEX"]
[SourceTitle "EXT 2022"]
[Source "ChessBase"]
[SourceDate "2021.10.06"]
[SourceVersion "1"]
[SourceVersionDate "2021.10.06"]
[SourceQuality "1"]

1. e4 c5 2. c3 g6 3. d4 cxd4 4. cxd4 Bg7 5. Nc3 d6 6. Nf3 Nf6 7. Bc4 0-0 8. h3 a6 9. Bb3 b5 10. a3 Bb7 11. Qe2 Nc6 12. 0-0 Nd7 13. Rd1 Rc8 14. Bg5 h6 15. Be3 Na5 16. Ba2 Nc4 17. Bxc4 Rxc4 18. a4 Nb6 19. axb5 axb5 20. Nd2 Rb4 21. b3 Bxd4 22. Bxd4 Rxd4 23. Qe3 e5 24. Ne2 Rb4 25. Qc3 Rxe4 26. Nxe4 Bxe4 27. Qe3 Bb7 28. Qxh6 Qf6 29. Ra7 Bd5 30. Qe3 Rb8 31. Ra6 Qd8 32. Rxb6 1-0

[Event "FIDE World Cup Mexico Qual (Women)"]
[Site "Mexico City"]
[Date "2021.05.30"]
[Round "9"]
[White "Corrales Jimenez, Zenia"]
[Black "Guerrero Rodriguez, Alejandra"]
[Result "1/2-1/2"]
[WhiteElo "2221"]
[BlackElo "2068"]
[PlyCount "32"]
[EventDate "2021.05.26"]
[EventType "swiss"]
[EventRounds "9"]
[EventCountry "MEX"]
[SourceTitle "CBM 202 Extra"]
[Source "ChessBase"]
[SourceDate "2021.07.31"]
[SourceVersion "1"]
[SourceVersionDate "2021.07.31"]
[SourceQuality "1"]

1. e4 e5 2. Nf3 Nf6 3. Nxe5 d6 4. Nf3 Nxe4 5. Nc3 Nxc3 6. dxc3 Be7 7. Bf4 Nc6 8. Qd2 Be6 9. 0-0-0 Qd7 10. h3 Bf6 11. Bg5 Qe7 12. Kb1 a6 13. Be3 0-0-0 14. g4 Ne5 15. Nd4 g6 16. g5 Bg7 1/2-1/2

[Event "FIDE World Cup Mexico Qual (Women)"]
[Site "Mexico City"]
[Date "2021.05.28"]
[Round "4"]
[White "Guerrero Rodriguez, Alejandra"]
[Black "Reyes Gutierrez, Nathalia Elizabeth"]
[Result "1-0"]
[WhiteElo "2068"]
[BlackElo "1113"]
[PlyCount "89"]
[EventDate "2021.05.26"]
[EventType "swiss"]
[EventRounds "9"]
[EventCountry "MEX"]
[SourceTitle "CBM 202 Extra"]
[Source "ChessBase"]
[SourceDate "2021.07.31"]
[SourceVersion "1"]
[SourceVersionDate "2021.07.31"]
[SourceQuality "1"]

1. e4 e5 2. Nf3 Nc6 3. Bb5 d6 4. d4 exd4 5. Nxd4 Bd7 6. Nc3 a6 7. Be2 Nf6 8. 0-0 Be7 9. Be3 0-0 10. f4 Qc8 11. Qe1 Nxd4 12. Bxd4 c5 13. Be3 Bc6 14. Bf3 Re8 15. e5 Ng4 16. h3 Nxe3 17. Qxe3 dxe5 18. fxe5 Bxf3 19. Qxf3 f6 20. Nd5 c4 21. Nxe7+ Rxe7 22. exf6 Qc5+ 23. Qf2 Qxf2+ 24. Rxf2 Rf7 25. fxg7 Kxg7 26. Rxf7+ Kxf7 27. Rd1 Ke6 28. Rd4 b5 29. Kf2 Ra7 30. Ke3 Ke5 31. Rh4 Kd5 32. Rh5+ Kc6 33. g4 Re7+ 34. Kd4 Rd7+ 35. Kc3 Re7 36. Rh6+ Kb7 37. h4 a5 38. g5 Rc7 39. a3 Re7 40. h5 Rg7 41. g6 hxg6 42. Rxg6 Rh7 43. h6 Kb8 44. Rg8+ Kb7 45. Rg7+ 1-0

[Event "Online Olym Div3 E"]
[Site "Chess.com INT"]
[Date "2020.08.07"]
[Round "1.1"]
[White "Mazariegos, Silvia Carolina"]
[Black "Guerrero Rodriguez, Alejandra"]
[Result "1-0"]
[WhiteElo "1933"]
[BlackElo "2068"]
[PlyCount "93"]
[EventDate "2020.08.07"]
[EventType "team-tourn (rapid)"]
[EventRounds "9"]
[EventCountry "USA"]
[SourceTitle "CBM 198"]
[Source "ChessBase"]
[SourceDate "2020.10.31"]
[SourceVersion "1"]
[SourceVersionDate "2020.10.31"]
[SourceQuality "1"]
[WhiteTeam "Guatemala"]
[BlackTeam "Mexico"]
[WhiteTeamCountry "GUA"]
[BlackTeamCountry "MEX"]

1. d4 Nf6 2. Nc3 g6 3. Bf4 Bg7 4. Qd2 d6 5. f3 Nbd7 6. e4 e5 7. dxe5 dxe5 8. Bh6 Bxh6 9. Qxh6 c6 10. 0-0-0 Qe7 11. Nh3 Nc5 12. a4 Ne6 13. Bc4 Nd4 14. Ng5 Ne6 15. Nxe6 Bxe6 16. Bxe6 Qxe6 17. Rd2 Rd8 18. Rxd8+ Kxd8 19. Qe3 b6 20. Qd3+ Ke7 21. Rd1 Rc8 22. Nb1 Nd7 23. b3 Nc5 24. Qc3 a5 25. Na3 f6 26. Nc4 Nd7 27. Nxb6 Nxb6 28. Qc5+ Kf7 29. Qxb6 Qe7 30. Kb2 c5 31. c4 Qc7 32. Qxc7+ Rxc7 33. Rd6 Ke7 34. Ra6 Rd7 35. Kc2 f5 36. Rxa5 fxe4 37. fxe4 Rd4 38. Rxc5 Rxe4 39. Rd5 Re2+ 40. Rd2 Re4 41. a5 Rf4 42. Kc3 Rf6 43. b4 Rc6 44. b5 Rc8 45. Kb4 Ke6 46. a6 e4 47. b6 1-0

[Event "Mexico City Fenamac-B 2nd"]
[Site "Mexico City"]
[Date "2020.03.15"]
[Round "7"]
[White "Guerrero Rodriguez, Alejandra"]
[Black "Camacho Collados, Marcos"]
[Result "0-1"]
[WhiteElo "2088"]
[BlackElo "2409"]
[PlyCount "66"]
[EventDate "2020.03.12"]
[EventType "tourn"]
[EventRounds "9"]
[EventCountry "MEX"]
[EventCategory "2"]
[SourceTitle "CBM 195 Extra"]
[Source "ChessBase"]
[SourceDate "2020.05.31"]
[SourceVersion "1"]
[SourceVersionDate "2020.05.31"]
[SourceQuality "1"]

1. e4 c6 2. d4 g6 3. Nc3 Bg7 4. Be3 d5 5. Qd2 dxe4 6. Nxe4 Nd7 7. Bc4 Nb6 8. Bb3 a5 9. a4 Nd5 10. Bg5 h6 11. Bh4 f5 12. Ng3 g5 13. Bxg5 hxg5 14. Qxg5 Kf7 15. Nf3 Nh6 16. 0-0-0 e6 17. Qh5+ Kf8 18. Nh4 Kg8 19. Ng6 Rh7 20. Bxd5 cxd5 21. Qf3 Qg5+ 22. Nf4 Ng4 23. h4 Qxf4+ 24. Qxf4 Bh6 25. Qxh6 Rxh6 26. Rd2 Bd7 27. f3 Ne3 28. Ne2 Nxg2 29. h5 Kf7 30. Nc3 Nf4 31. Rh4 Nxh5 32. Rdh2 Rah8 33. Ne2 R6h7 0-1